Countries with Highest Motorbike Use - Statistics

General Stats
  • This quiz has been taken 136 times
  • The average score is 9 of 15
Answer Stats
% Answer % Correct
47 India
94%
60 China
91%
87 Thailand
90%
85 Indonesia
88%
86 Vietnam
86%
83 Malaysia
75%
43 Pakistan
75%
32 Philippines
63%
29 Brazil
56%
28 Egypt
43%
24 Argentina
40%
23 Colombia
40%
35 Nigeria
37%
26 Italy
35%
25 Tunisia
17%
No matching quizzes found
Score Distribution
Percent of People with Each Score
Percentile by Number Answered
Your Score History
You have not taken this quiz